Tribhuvan University Central Library

Surya Bahadur Chitrakar; an artist in modern nepal (Record no. 91943)

MARC details
000 -LEADER
fixed length control field 00481nam a22001697a 4500
008 - FIXED-LENGTH DATA ELEMENTS--GENERAL INFORMATION
fixed length control field 200202b xxu||||| |||| 00| 0 eng d
020 ## - INTERNATIONAL STANDARD BOOK NUMBER
International Standard Book Number 9789937909587
082 ## - DEWEY DECIMAL CLASSIFICATION NUMBER
Classification number 700.92/C448a
100 ## - MAIN ENTRY--PERSONAL NAME
Personal name Chitrakar Madan ed.
245 ## - TITLE STATEMENT
Title Surya Bahadur Chitrakar; an artist in modern nepal
260 ## - PUBLICATION, DISTRIBUTION, ETC.
Place of publication, distribution, etc. Kathmandu:
Name of publisher, distributor, etc. Nepal Academy of Fine Arts,
Date of publication, distribution, etc. 2019 AD
300 ## - PHYSICAL DESCRIPTION
Extent 110p. ;illus.
504 ## - BIBLIOGRAPHY, ETC. NOTE
Bibliography, etc. note Bibliography: p.109
650 ## - SUBJECT ADDED ENTRY--TOPICAL TERM
Topical term or geographic name entry element Art
650 ## - SUBJECT ADDED ENTRY--TOPICAL TERM
Topical term or geographic name entry element Artists
9 (RLIN) 11946
942 ## - ADDED ENTRY ELEMENTS (KOHA)
Source of classification or shelving scheme Dewey Decimal Classification
Koha item type ISBN
Holdings
Withdrawn status Lost status Source of classification or shelving scheme Damaged status Not for loan Home library Current library Date acquired Total Checkouts Full call number Barcode Date last seen Price effective from Koha item type
    Dewey Decimal Classification     Tribhuvan University Central Library Tribhuvan University Central Library 02/02/2020   700/C449a IS16896 02/02/2020 02/02/2020 ISBN
    Dewey Decimal Classification     Tribhuvan University Central Library Tribhuvan University Central Library 02/02/2020   700/C449a IS16897 02/02/2020 02/02/2020 ISBN